Üdvözlet Ujbányáról Revistye vára

Zobrazenie: Pohľad na zrúcaninu hradu na zalesnenom kopci

Bibliographic Details
Format: Postcard
Language:Hungarian
PhysicalDescription:1 pohľadnica čiernobiela 9 x 14 cm
Published: Ujbánya Wagner János [medzi 1905 a 1930?]
Subjects:

MARC

LEADER 00000ckm a2200000 a 4500
001 vtls011711248
003 SK-MaSNL
005 20260512125232.0
007 kp bo
008 231120q1905 xo g 00 kuhun
015 |a SNBG 
035 |a urn:nbn:sk:snk-km00ea2a 
035 |a urn:nbn:sk:snk-km43h3x 
035 |a C6D925BF-D106-4278-9B4A-BE95CB9D0090 
040 |a SNK  |b slo  |c SNK  |e AACR2 
041 0 |a hun 
043 |a e-xo--- 
044 |a xo  |c SK 
072 7 |a 913  |x Regionálna geografia  |2 konspekt 
080 |a 913(437.6)  |2 2011 
080 |a 728.81  |2 2011 
080 |a (084.121)  |2 2011 
245 0 0 |a Üdvözlet Ujbányáról  |h grafika  |b Revistye vára 
260 |a Ujbánya  |b Wagner János  |c [medzi 1905 a 1930?] 
300 |a 1 pohľadnica  |b čiernobiela  |c 9 x 14 cm 
500 |a Názvové údaje prevzaté z obrazovej časti pohľadnice 
520 8 |a Zobrazenie: Pohľad na zrúcaninu hradu na zalesnenom kopci 
610 2 7 |a Revište (Revištské Podzámčie, Slovensko : hrad)  |2 SNKKA  |9 165160 
650 0 7 |a hrady  |2 SNKPH  |9 3039 
651 7 |a Revištské Podzámčie (Žarnovica, Slovensko)  |2 SNKPHgeo  |9 88294 
651 7 |a Žarnovica (Slovensko)  |2 SNKPHgeo  |9 40693 
655 7 |a miestne pohľadnice  |2 SNKPH  |9 70510 
752 |a Slovensko  |d Nová Baňa 
852 |a Slovenská národná knižnica 
954 |a pohľadnice pôvodné (slovenské)  |2 lita 
958 |a OND 
958 |a GBN 
958 |a GC 
958 |a EUIPO 
999 |c 1024896  |d 1026826 
952 |a SNK  |b SNK  |y PREZ  |7 0  |p 17A1220320  |o snkSP 20493  |0 0  |1 0  |4 0  |d 2017-09-19  |f 1  |l 0  |r 2026-02-24 13:35:55  |w 2026-02-24